• 首页
  • 本馆介绍
  • 公告通知
  • 最新文献
  • 馆藏检索
  • 电子资源
  • 读者导购
  • 参考咨询
  • 我的图书馆
  • 登录
  • 详细信息显示
  • 放入我的书架
  • 预约/预借图书
  • 作者相关作品
  • 分类相关作品
  • 丛书相关作品
  • 出版社相关作品

书目信息

  • 表格格式
  • 工作单格式
  • 卡片格式
题名:
博弈论教程
    
 
作者: 鲁宾斯坦 , 奥斯本 著 ;魏玉根 译
分册:  
出版信息: 北京   中国社会科学出版社  2000
页数: 322页
开本: 14cm
丛书名: 当代经济学教科书译丛
单 册:
中图分类: F224.32
科图分类:
主题词: 对策论--应用--经济
电子资源:
ISBN: 7-5004-2486-8
000 00755nam2 2200241 45
001 0111061634
005 20051115154002.85
010    @a7-5004-2486-8@dCNY34.00
092    @aCN
100    @a20011106d2000 km y0chiy0120 ea
101 0  @achi
200 1  @a博弈论教程@ABo Yi Lun Jiao Cheng@f(加)马丁J·奥斯本,(美)阿里尔·鲁宾斯坦著@F(Jia)Ma Ding J·Ao Si Ben,(Mei)A Li Er·Lu Bin Si Tan Zhu@g魏玉根译
210    @a北京@c中国社会科学出版社@d2000
215    @a322页@d14cm
225    @a当代经济学教科书译丛
410    @12001 @a当代经济学教科书译丛
606 0  @a对策论@x应用@x经济
690    @aF224.32@v4
701  0 @a鲁宾斯坦@4著
701    @a奥斯本@4著
702  0 @a魏玉根@AWei Yu Gen@4译
801    @aCN@bTSTC@c20051115
905    @a10447@dF224.32@e116
    
    博弈论教程/(加)马丁J·奥斯本,(美)阿里尔·鲁宾斯坦著/魏玉根译.-北京:中国社会科学出版社,2000
    322页;14cm.-(当代经济学教科书译丛)
    
    
    ISBN 7-5004-2486-8:CNY34.00
    
●
相关链接 在E读中查询图书 在五车中查询图书 在当当中查询图书 在豆瓣中查询图书


正题名:博弈论教程     索取号:F224.32/116         预约/预借

序号 登录号 条形码 馆藏地/架位号 状态 备注
1 0300481   203004818   密集书库/ [索取号:F224.32/116] 在馆    
2 0300482   203004827   第一借阅区/ [索取号:F224.32/116] 在馆    
3 0300483   203004836   密集书库/ [索取号:F224.32/116] 在馆    
4 0300484   203004845   密集书库/ [索取号:F224.32/116] 在馆    
5 0300485   203004854   第一样本阅览室/ [索取号:F224.32/116] 在馆    
6 0367862   203678626   密集书库/ [索取号:F224.32/116] 在馆    
7 0367863   203678635   第一借阅区/ [索取号:F224.32/116] 在馆    
8 0367864   203678644   密集书库/ [索取号:F224.32/116] 在馆    
9 0367865   203678653   第一借阅区/ [索取号:F224.32/116] 在馆    
10 0367866   203678662   第一借阅区/ [索取号:F224.32/116] 在馆    
唐山师范学院图书馆 欢迎您!
大连网信软件有限公司© 版权所有